Normal view
MARC view
- Energy Systems Engineering - MS Thesis.
Entry Topical Term
001 - CONTROL NUMBER
- control field: 28880
003 - CONTROL NUMBER IDENTIFIER
- control field: NUST
005 - DATE AND TIME OF LATEST TRANSACTION
- control field: 20200309115636.0
008 - FIXED-LENGTH DATA ELEMENTS
- fixed length control field: 200309|| aca||aabn | a|a d
040 ## - CATALOGING SOURCE
- Original cataloging agency: NUST
- Transcribing agency: NUST
150 ## - HEADING--TOPICAL TERM
- Topical term or geographic name entry element: Energy Systems Engineering - MS Thesis.
670 ## - SOURCE DATA FOUND
- Source citation: Work cat.: (NUST): Zainab, Atoofa 28879, Potential of lignocellulosic material as biofilm carriers in anaerobic digestion technology /, 2018.
